02083agaaa2200313 45000010005000000030009000050050017000140070009000310080040000400400023000800410013001031000058001161300025001742400021001992450191002202460014004112500022004252600114004473000030005615080161005915110089007525200633008415380016014745460013014906500057015037000070015607000072016307000067017026157IT-RoPAU20220918181227.0d cvaizq50131s9999||||xx ||| | || ||und|| aIT-RoPAUcIT-RoPAU aITALIANO aChaplin Charlie (Charlot)gCodice regista SPICS: 8134 aFEBBRE DELL'ORO (LA) aLIMELIGHTgT1779 aFEBBRE DELL'ORO (LA)cProdotto da: Chaplin Charlie -- Sceneggiatura: Chaplin Charlie -- Diretto da: Chaplin Charlie (Charlot)pFEBBRE DELL'ORO (LA) (Rif. Codice opera principale : H6157) aLIMELIGHT aEdizione Standard a(USA)bCHARLIE CHAPLIN PRODUCTIONS / Distribuzione: PANORAMAg"1925 (1° ed.: 2005 ; Ed. Lingua Orig.: 1925)" aDVDbmuto, b&wc69 minuti a"Fotografia: Totheroh Roland; Montaggio: Chaplin Charlie; Musica: Chaplin Charlie (Charlot); Sceneggiatura: Chaplin Charlie; Scenografia: Hall Charles D.; " a"Chaplin Charlie; Hale Georgia; Swain Mack; Murray Tom; Bergman Henry; Waite Malcom" aCHARLOT E' IN ALASKA ALLA RICERCA DI UNA MINIERA D'ORO. INCONTRA UN ALTRO CERCATORE, GIACOMONE, NELLA CAPANNA DEL BANDITO LARSEN. QUESTI USCITO PER VIVERI NON FA PIU' RITORNO. PIU' TARDI GIACOMONE LO INCONTRA MA IN UNA COLLUTTAZIONE, VIENE COLPITO ALLA TESTA E PERDE LA MEMORIA. EGLI E' IL SOLO A CONOSCERE IL POSTO DELLA MINIERA, COSI' CHARLOT E' SOLO E SENZA META. TROVA UN POSTO DI LAVORO PROVVISORIO E CONOSCE UNA BALLERINA, GEORGIA, DI CUI SI INNAMORA. MA SI ACCORGE CHE LA RAGAZZA SI SERVE DI LUI PER INGELOSIRE IL FIDANZATO. CHARLOT RIESCE PERO' A SCOPRIRE LA MINIERA E CON LA RICCHEZZA ACQUISTA ANCHE L'AMORE DI GEORGIA. aPAL, STEREO aITALIANO aCOMMEDIAeDVD-FILM [DVD]xCodice MATERIA SPICS: 9947 aChaplin Charlie (Charlot) e(regista)gCodice regista SPICS: 8134 aChaplin Charlie (Charlot) e(soggetto)gCodice Soggetto SPICS: 8134 aChaplin Charlie (Charlot)e(musica)gCodice Musica SPICS: 8134